000 00316 a2200145 4500
001 176082
020 _a
040 _cMagnum
100 _a-
240 1 0 _aBelo horizonte - dados gerais
_lpor
245 1 0 _aBelo horizonte - dados gerais
362 0 _a1899
697 _aMAGNITO: ORGANIZACAO SOCIAL
942 _cBK
999 _c176082
_d176082